Les stratégies de séduction dans La Religieuse de Diderot
Elmentve itt :
| Szerző: | |
|---|---|
| További közreműködők: | |
| Dokumentumtípus: | Szakdolgozat |
| Megjelent: |
2004
|
| Tárgyszavak: | |
| Online Access: | http://diploma.bibl.u-szeged.hu/75813 |
| LEADER | 00577nta a2200157 i 4500 | ||
|---|---|---|---|
| 001 | dipl75813 | ||
| 005 | 20190510111647.0 | ||
| 008 | 190509s2004 hu om 0|| fre d | ||
| 040 | |a SZTE Diploma Repozitórium |b hun | ||
| 041 | |a fre | ||
| 100 | 1 | |a Bagaméri Nóra Márta | |
| 245 | 1 | 4 | |a Les stratégies de séduction dans La Religieuse de Diderot |h [elektronikus dokumentum] / |c Nóra Márta Bagaméri |
| 260 | |c 2004 | ||
| 650 | 4 | |a Pedagógusképzés | |
| 700 | 1 | |a Bácskai Mihály |e ths | |
| 856 | 4 | 0 | |u http://diploma.bibl.u-szeged.hu/id/eprint/75813/1/2004_bagameri_nora_marta.pdf |z Dokumentum-elérés |